Symbols and sentiments : cross-cultural studies in symbolism

Αποθηκεύτηκε σε:
Λεπτομέρειες βιβλιογραφικής εγγραφής
Άλλοι συγγραφείς: Lewis, I. M. (Επιμελητής έκδοσης)
Μορφή: Βιβλίο
Γλώσσα:English
Δημοσίευση: London : Academic Press, 1977
Θέματα:
Ετικέτες: Προσθήκη ετικέτας
Δεν υπάρχουν, Καταχωρήστε ετικέτα πρώτοι!

MARC

LEADER 00000nam a2200000 i 4500
001 1/78043
008 940926s1977 eng d
020 |a 0-12-446650-8 
035 |l 10004480 
040 |a GR-MY-UA  |b gre  |e aacr 
041 0 |a eng 
082 0 |a 306.4 
245 1 0 |a Symbols and sentiments :  |b cross-cultural studies in symbolism /  |c Edited by Ioan Lewis 
260 |a London :   |b Academic Press,   |c 1977 
300 |a x, 300 p.;  |c 24 cm 
504 |a Includes bibliographical references and index 
650 0 0 |a Symbolism. 
650 0 0 |a Ethnopsychology. 
650 0 0 |a Speeches, addresses, etc. 
700 1 |a Lewis, I. M.  |4 edt 
852 |a INST  |b LESVOS  |e 19940926  |h 306.4 SYM  |p 005100003609  |q 005100003609  |t BK  |y 0 
909 |a Λ  |b 005741